000 00508nam a22002177a 4500
003 UA-OsUOA
001 62582
007 ta
008 20090904b un ||||| |||| 00| 0 ukr d
090 _a53
_bВ74
942 _cBK
040 _aUA-OsUOA
_brus
_cUA-OsUOA
_dUA-OsUOA
245 _aВопросы преподавания физики в школе
300 _a185 с.
955 _a2
041 _arus
080 _a53
260 _aМ.
_c1954
650 7 _a53 Фізика
_2UDC
999 _c348653
_d348653